| 000 | 00852cam a2200217 a 4500 | ||
|---|---|---|---|
| 001 | 000007627 | ||
| 005 | 20200929154234.0 | ||
| 008 | 800313s1971 sp a b s001 0bspa | ||
| 040 |
_aDO-SdBNP _bspa _cBNPHU |
||
| 082 |
_a923.946 _bP792m, 1971 |
||
| 100 | 1 |
_aMurga Sanz, Vicente. _921160 |
|
| 245 | 1 | 0 |
_aJuan Ponce de León, fundador y primer gobernador del pueblo puertorriqueño, descubridor de la Florida y del Estrecho de las Bahamas / _cVicente Murga Sanz. |
| 250 | _a2a ed. | ||
| 260 |
_a[Río Piedras] : _bUniversitaria, Universidad de Puerto Rico, _c1971. |
||
| 300 |
_a385 p. : _bil. ; _c22 cm. |
||
| 504 | _aBibliografía p. [357]-360. | ||
| 500 | _aIncluye índice. | ||
| 600 | 1 | 0 |
_aPONCE DE LEÓN, JUAN 1460?-1521. _d1460?-1521 _921161 |
| 651 | 4 |
_aPuerto Rico _xHistoria _y1898. _99073 |
|
| 650 | 4 |
_aExploradores _zEspañoles _xBiografía. _921162 |
|
| 999 |
_c7407 _d7407 |
||